000 00866cam a2200301 4500
008 090401t2000 xxu||||| |||| 00| 0 eng d
020 _a0632052023
035 _a(Sirsi) u99488
041 _aeng
050 _a692.8
100 _aPowell-Smith, Vincent
245 _aContract documentation for contractors.
250 _a3rd ed.
260 _aOxford
_bBlackwell Science
_c2000
300 _av, 317p. ; 25cm.
350 _a39.50
650 _aBUILT ENVIRONMENT-BUILDING CONTRACT FORMS
650 _aSTANDARD FORM OF BUILDING CONTRACT 1998
650 _aJCT STANDARD FORM OF BUILDING CONTRACT (1998 EDITION)
650 _aLETTERS
650 _aSUBCONTRACTORS
650 _aCERTIFICATES
690 _aBUILT ENVIRONMENT-BUILDING CONTRACT FORMS
700 _aSims, John
700 _aDancaster, Christopher
942 _n0
948 _c23/07/1998
999 _c99357
_d99357